000 00333nam a22001337a 4500
008 170628b xxu||||| |||| 00| 0 eng d
020 _a9780669488586
041 _aeng
080 _a82
100 _a22
101 _aGJL
245 _aREADERS HANDBOOK A STUDENT GUIDE FOR REDING AND LEARNING
_cAMBERG.J
942 _2udc
_cBK
999 _c19419
_d19419